Central Library OPAC University of Rajshahi

মানুষ ও তার ভাগ্য / (Record no. 77741)

MARC details
000 -LEADER
fixed length control field 01049nam a22002417a 4500
001 - CONTROL NUMBER
control field 77741
003 - CONTROL NUMBER IDENTIFIER
rucl marc code BD-RjUL
005 - DATE AND TIME OF LATEST TRANSACTION
control field 20211209083022.0
008 - FIXED-LENGTH DATA ELEMENTS--GENERAL INFORMATION
fixed length control field 210104b2014 bg ||||| |||| 00| 0 ben d
020 ## - INTERNATIONAL STANDARD BOOK NUMBER
International Standard Book Number 9789843367013
035 ## - SYSTEM CONTROL NUMBER
System control number (BD-RjUL)77967
040 ## - CATALOGING SOURCE
Original cataloging agency BD-RjUL
Language of cataloging eng
Transcribing agency BD-RjUL
041 ## - LANGUAGE CODE
Language code of text/sound track or separate title ben
082 ## - DEWEY DECIMAL CLASSIFICATION NUMBER
Edition number 23
Classification number 297.09
Author mark and year MOM 2014
100 ## - MAIN ENTRY--PERSONAL NAME
Personal name মোতাহ্‌হারী, আয়াতুল্লাহ্ মোর্‌তাযা
9 (RLIN) 143755
245 10 - TITLE STATEMENT
Title মানুষ ও তার ভাগ্য /
Statement of responsibility, etc. শহীদ আয়াতুল্লাহ্ মোর্‌তাযা মোতাহ্‌হারী; অনুবাদ: নূর হোসেন মজিদী
260 ## - PUBLICATION, DISTRIBUTION, ETC. (IMPRINT)
Place of publication, distribution, etc. ঢাকা :
Name of publisher, distributor, etc. মানব উন্নয়ন সংস্থা,
Date of publication, distribution, etc. ২০১৪
300 ## - PHYSICAL DESCRIPTION
Pagination ১৪৪ পৃৃ.;
Size ২২ সেমি.
650 ## - SUBJECT ADDED ENTRY--TOPICAL TERM
Topical term or geographic name as entry element ইসলাম
General subdivision ইতিহাস
9 (RLIN) 243238
Topical term or geographic name as entry element Islam
General subdivision History
9 (RLIN) 243239
700 ## - ADDED ENTRY--PERSONAL NAME
Personal name মজিদী, নূর হোসেন
942 ## - ADDED ENTRY ELEMENTS (KOHA)
Source of classification or shelving scheme Dewey Decimal Classification
Koha item type Books
Holdings
Lost status Source of classification or shelving scheme Damaged status Not for loan Collection code Permanent Location Current Location Shelving location Date acquired Source of acquisition Total Checkouts Full call number Date last seen Copy number Koha item type
  Dewey Decimal Classification   Not For Loan Non-fiction Central Library, University of Rajshahi Central Library, University of Rajshahi Reading Room 12/09/2019 Author   B 297.09 MOM 2014 04/01/2021 C-1 Books